| Tag |
First Indicator |
Second Indicator |
Subfields |
| LEADER |
00000cam a2200000 a 4500 |
| 001 |
in00000076695 |
| 005 |
20160105103758.0 |
| 008 |
791121c19801977nju b 00110 engm |
| 010 |
|
|
|a 79025242
|
| 020 |
|
|
|a 0136973426
|
| 020 |
|
|
|a 0136973345 (pbk.)
|
| 035 |
|
|
|a (OCoLC)05777117
|
| 035 |
|
|
|9 AAH8517AM
|
| 040 |
|
|
|a DLC
|c DLC
|d m.c.
|d WAU
|d CUX
|d TXA
|d UtOrBLW
|
| 043 |
|
|
|a n-us---
|
| 049 |
|
|
|a TXAM
|c [1481737]
|
| 050 |
0 |
0 |
|a R838.4
|b .P47 1980
|
| 082 |
0 |
|
|a 610/.7/1173
|
| 096 |
|
|
|a W19 P485p 1977
|
| 100 |
1 |
|
|a Peterson, Shailer Alvarey,
|d 1908-1978.
|
| 245 |
1 |
0 |
|a Preparing to enter medical school /
|c Shailer Peterson.
|
| 250 |
|
|
|a 1st Spectrum ed.
|
| 264 |
|
1 |
|a Englewood Cliffs, N.J. :
|b Prentice-Hall,
|c 1980
|
| 264 |
|
4 |
|c ©1977
|
| 300 |
|
|
|a 173 pages ;
|c 27 cm.
|
| 336 |
|
|
|a text
|b txt
|2 rdacontent
|
| 337 |
|
|
|a unmediated
|b n
|2 rdamedia
|
| 338 |
|
|
|a volume
|b nc
|2 rdacarrier
|
| 490 |
1 |
|
|a Health careers series
|
| 490 |
0 |
|
|a A Spectrum book
|
| 500 |
|
|
|a Includes index.
|
| 504 |
|
|
|a Bibliography: pages 172-173.
|
| 650 |
|
0 |
|a Medical colleges
|z United States
|x Admission.
|
| 650 |
|
0 |
|a Premedical education.
|
| 650 |
|
0 |
|a Medicine
|x Vocational guidance.
|
| 650 |
|
2 |
|a Education, Medical
|z United States.
|
| 650 |
|
2 |
|a Schools, Medical
|z United States.
|
| 650 |
|
2 |
|a Vocational Guidance.
|
| 800 |
1 |
|
|a Peterson, Shailer Alvarey,
|d 1908-1978.
|t Health careers series.
|
| 999 |
|
|
|a MARS
|
| 999 |
f |
f |
|s 94eb9b10-02ad-3ad4-a468-574d6b4b9ede
|i 5853d820-8797-3c84-8e9c-75414bd49bcc
|t 0
|
| 952 |
f |
f |
|p ric
|a Texas A&M University
|b Rellis Campus
|c Joint Library Facility
|d Remote Storage
|t 0
|e R838.4 .P47 1980
|h Library of Congress classification
|i unmediated -- volume
|m A14807207422
|
| 998 |
f |
f |
|a R838.4 .P47 1980
|t 0
|l Remote Storage
|